Thermal environmental engineering (Record no. 13003)

000 -LEADER
fixed length control field 00498nam a2200193 4500
001 - CONTROL NUMBER
control field 13003
003 - CONTROL NUMBER IDENTIFIER
control field BD-DhUET
008 - FIXED-LENGTH DATA ELEMENTS--GENERAL INFORMATION
fixed length control field 700513s1970 njuad b 001 0 eng
020 ## - INTERNATIONAL STANDARD BOOK NUMBER
International Standard Book Number 139147217
040 ## - CATALOGING SOURCE
Original cataloging agency DLC
Transcribing agency DLC
Modifying agency BD-DhUET
082 ## - DEWEY DECIMAL CLASSIFICATION NUMBER
Classification number 697.93
Item number THR/1970
100 1# - MAIN ENTRY--PERSONAL NAME
Personal name Threlkeld, James L.
245 10 - TITLE STATEMENT
Title Thermal environmental engineering
250 ## - EDITION STATEMENT
Edition statement 2nd ed.
260 ## - PUBLICATION, DISTRIBUTION, ETC. (IMPRINT)
Place of publication, distribution, etc. New Jersey
Name of publisher, distributor, etc. Prentice-Hall
Date of publication, distribution, etc. 1970
300 ## - PHYSICAL DESCRIPTION
Extent xvi, 495 p.
Other physical details illus.
Dimensions 25 cm.
650 #0 - SUBJECT ADDED ENTRY--TOPICAL TERM
Topical term or geographic name as entry element Air Conditioning
942 ## - ADDED ENTRY ELEMENTS (KOHA)
Koha item type General Book
Holdings
Date acquired Copy number Sublocation or collection (holding branch) Piece designation (barcode) Location (home branch) Source of classification or shelving scheme Koha full call number Koha date last seen Withdrawn status Koha normalized classification for sorting Shelving location Price effective from Lost status Not for loan Damaged status Koha item type
2015-02-281Central Library, BUET47970Central Library, BUET 697.93/THR/19702015-02-28 697_930000000000000_THR_1970Circulation section2015-02-28   General Book
2015-02-282Central Library, BUET55662Central Library, BUET 697.93/THR/19702015-02-28 697_930000000000000_THR_1970Circulation section2015-02-28   General Book
2015-05-173Central Library, BUET17689Central Library, BUET 697.93/THR/19702015-05-17 697_930000000000000_THR_1970Circulation section2015-05-17   General Book
2015-05-174Central Library, BUET17690Central Library, BUET 697.93/THR/19702015-05-17 697_930000000000000_THR_1970Circulation section2015-05-17   General Book
2015-05-175Central Library, BUET17691Central Library, BUET 697.93/THR/19702015-05-17 697_930000000000000_THR_1970Circulation section2015-05-17   General Book
2015-05-176Central Library, BUET17692Central Library, BUET 697.93/THR/19702015-05-17 697_930000000000000_THR_1970Circulation section2015-05-17   General Book
2015-05-177Central Library, BUET17693Central Library, BUET 697.93/THR/19702015-05-17 697_930000000000000_THR_1970Circulation section2015-05-17   General Book
2015-05-178Central Library, BUET19442Central Library, BUET 697.93/THR/19702015-05-17 697_930000000000000_THR_1970Circulation section2015-05-17   General Book
2015-05-179Central Library, BUET25333Central Library, BUET 697.93/THR/19702015-05-17 697_930000000000000_THR_1970Circulation section2015-05-17   General Book
2015-05-1710Central Library, BUET25334Central Library, BUET 697.93/THR/19702015-05-17 697_930000000000000_THR_1970Circulation section2015-05-17   General Book